[Event "Belgrade-chT2 Quality"]
[Site "Belgrade"]
[Date "2022.11.13"]
[Round "11.6"]
[White "Skaric, Savo"]
[Black "Stojkovic, Nenad Z"]
[Result "0-1"]
[WhiteElo "1996"]
[BlackElo "2131"]
[PlyCount "45"]
[EventDate "2022.10.15"]
[EventType "team-tourn"]
[EventRounds "13"]
[EventCountry "SRB"]
[SourceTitle "EXT 2024"]
[Source "ChessBase"]
[SourceDate "2023.10.10"]
[SourceVersion "1"]
[SourceVersionDate "2023.10.10"]
[SourceQuality "1"]
[WhiteTeam "Batajnica"]
[BlackTeam "Zemun Teleoptik"]
[WhiteTeamCountry "SRB"]
[BlackTeamCountry "SRB"]

1. e4 e6 2. d4 d5 3. Nd2 Nf6 4. e5 Nfd7 5. c3 c5 6. Qg4 Nc6 7. Bb5 f5 8. Qh5+ g6 9. Qe2 cxd4 10. Bxc6 bxc6 11. cxd4 Qb6 12. Ngf3 Ba6 13. Qe3 Be7 14. b3 c5 15. Bb2 h6 16. 0-0-0 g5 17. Kb1 f4 18. Qe1 c4 19. g3 Bb4 20. Rc1 cxb3 21. Qd1 bxa2+ 22. Ka1 Rb8 23. Qc2 0-1

[Event "Belgrade-chT2 Quality"]
[Site "Belgrade"]
[Date "2022.10.22"]
[Round "3.6"]
[White "Stojkovic, Nenad Z"]
[Black "Kukic, Boris"]
[Result "0-1"]
[WhiteElo "2131"]
[BlackElo "1972"]
[PlyCount "58"]
[EventDate "2022.10.15"]
[EventType "team-tourn"]
[EventRounds "13"]
[EventCountry "SRB"]
[SourceTitle "EXT 2024"]
[Source "ChessBase"]
[SourceDate "2023.10.10"]
[SourceVersion "1"]
[SourceVersionDate "2023.10.10"]
[SourceQuality "1"]
[WhiteTeam "Zemun Teleoptik"]
[BlackTeam "Zvezdara Cirilo i Metodije"]
[WhiteTeamCountry "SRB"]
[BlackTeamCountry "SRB"]

1. e4 e5 2. f4 exf4 3. Bc4 Qh4+ 4. Kf1 d6 5. d4 Nc6 6. Nc3 Bg4 7. Nf3 Bxf3 8. gxf3 Nf6 9. Nd5 Nxd5 10. Bxd5 Be7 11. Ke2 0-0 12. c3 Kh8 13. Qe1 Qh6 14. Kd2 Na5 15. b4 c6 16. Bxf7 Rxf7 17. bxa5 b6 18. Qe2 b5 19. a4 b4 20. cxb4 Bf6 21. Bb2 Rb7 22. Qc4 Rab8 23. Bc3 Qh5 24. Raf1 Qe8 25. Rb1 d5 26. exd5 Qe3+ 27. Kc2 cxd5 28. Qd3 Qf2+ 29. Kc1 Rc7 0-1

[Event "Belgrade-chT Quality"]
[Site "Belgrade"]
[Date "2021.11.14"]
[Round "10.5"]
[White "Lorens Ristovic, Lami M"]
[Black "Stojkovic, Nenad Z"]
[Result "1/2-1/2"]
[WhiteElo "2051"]
[BlackElo "2095"]
[PlyCount "74"]
[EventDate "2021.10.16"]
[EventType "team-tourn"]
[EventRounds "11"]
[EventCountry "SRB"]
[SourceTitle "EXT 2023"]
[Source "ChessBase"]
[SourceDate "2022.10.05"]
[SourceVersion "1"]
[SourceVersionDate "2022.10.05"]
[SourceQuality "1"]
[WhiteTeam "Belgrade Cirilo i Metodije"]
[BlackTeam "Belgrade Zemun Teleoptic"]
[WhiteTeamCountry "SRB"]
[BlackTeamCountry "SRB"]

1. c4 Nf6 2. g3 e6 3. Bg2 d5 4. d4 c6 5. cxd5 exd5 6. Nf3 Bg4 7. Bd2 Qc7 8. a3 Bd6 9. Nc3 h6 10. 0-0 Bf5 11. Re1 0-0 12. Bf4 Ne4 13. Bxd6 Nxd6 14. Nd2 Nd7 15. e4 dxe4 16. Ncxe4 Nxe4 17. Nxe4 Bxe4 18. Bxe4 Qd6 19. d5 c5 20. Bg2 Nf6 21. Qd3 Rad8 22. Rad1 Rfe8 23. Rxe8+ Rxe8 24. h3 Re7 25. Qc4 b6 26. b4 Ne8 27. Qb5 Qd7 28. Qc6 cxb4 29. axb4 Qd6 30. b5 Kf8 31. h4 Rd7 32. Re1 Nc7 33. Ra1 Ne8 34. Ra4 Qxc6 35. dxc6 Rc7 36. Rd4 Ke7 37. Re4+ Kf8 1/2-1/2

[Event "Belgrade-chT Quality"]
[Site "Belgrade"]
[Date "2021.11.06"]
[Round "7.6"]
[White "Stefanovic, Bosko"]
[Black "Stojkovic, Nenad Z"]
[Result "0-1"]
[WhiteElo "1690"]
[BlackElo "2095"]
[PlyCount "91"]
[EventDate "2021.10.16"]
[EventType "team-tourn"]
[EventRounds "11"]
[EventCountry "SRB"]
[SourceTitle "EXT 2023"]
[Source "ChessBase"]
[SourceDate "2022.10.05"]
[SourceVersion "1"]
[SourceVersionDate "2022.10.05"]
[SourceQuality "1"]
[WhiteTeam "Belgrade Novi"]
[BlackTeam "Belgrade Zemun Teleoptic"]
[WhiteTeamCountry "SRB"]
[BlackTeamCountry "SRB"]

1. e4 e6 2. d4 d5 3. exd5 exd5 4. c4 c6 5. Nf3 Bd6 6. Nc3 Ne7 7. Bd3 h6 8. 0-0 Bg4 9. h3 Bh5 10. Re1 dxc4 11. Bxc4 0-0 12. Ne4 Bb4 13. Bd2 Bxd2 14. Nexd2 Nd7 15. g4 Bg6 16. Nh4 Bh7 17. Qe2 Nd5 18. Bxd5 Qxh4 19. Bg2 Rad8 20. Nf3 Qf6 21. Qe7 Qxe7 22. Rxe7 Rfe8 23. Rae1 Rxe7 24. Rxe7 Kf8 25. Re3 Nf6 26. Rb3 Rd7 27. Ne5 Rc7 28. Kf1 Be4 29. Bxe4 Nxe4 30. Ke2 f6 31. Nd3 Re7 32. Kd1 Rd7 33. Ke2 Ng5 34. Nc5 Re7+ 35. Kf1 b6 36. Na6 Ne6 37. Rd3 Rd7 38. Nb8 Rxd4 39. Ra3 Nf4 40. Ke1 c5 41. Rxa7 Nxh3 42. Nd7+ Kg8 43. Nxb6 Rb4 44. Ra3 Ng5 45. Nd7 h5 46. Rg3 0-1

[Event "Belgrade-chT Quality"]
[Site "Belgrade"]
[Date "2021.10.16"]
[Round "1.7"]
[White "Popovic, Andrija"]
[Black "Stojkovic, Nenad Z"]
[Result "0-1"]
[WhiteElo "2132"]
[BlackElo "2095"]
[PlyCount "69"]
[EventDate "2021.10.16"]
[EventType "team-tourn"]
[EventRounds "11"]
[EventCountry "SRB"]
[SourceTitle "EXT 2023"]
[Source "ChessBase"]
[SourceDate "2022.10.05"]
[SourceVersion "1"]
[SourceVersionDate "2022.10.05"]
[SourceQuality "1"]
[WhiteTeam "Belgrade Polet"]
[BlackTeam "Belgrade Zemun Teleoptic"]
[WhiteTeamCountry "SRB"]
[BlackTeamCountry "SRB"]

1. e4 e6 2. d4 d5 3. e5 c5 4. c3 Nc6 5. Nf3 Qb6 6. dxc5 Bxc5 7. Qc2 a5 8. Bd3 h6 9. 0-0 Bd7 10. a4 Rc8 11. Qe2 Nge7 12. Na3 Na7 13. Nb5 Nxb5 14. axb5 Qc7 15. Bd2 Ra8 16. Ra4 Nc8 17. h4 Be7 18. Rfa1 Nb6 19. Rxa5 Rxa5 20. Rxa5 0-0 21. Ra2 Nc4 22. b3 Nxd2 23. Qxd2 f6 24. Qe1 f5 25. c4 dxc4 26. Bxc4 Bc5 27. Qe2 Qb6 28. Rd2 Be8 29. Ne1 Bf7 30. Nd3 Bd4 31. Nf4 Re8 32. Nd3 g6 33. Kh2 g5 34. Ra2 Kg7 35. Qd2 0-1

[Event "Belgrade-chT Quality"]
[Site "Belgrade"]
[Date "2019.10.06"]
[Round "2.5"]
[White "Stojkovic, Nenad Z"]
[Black "Popovic, Andrija"]
[Result "0-1"]
[WhiteElo "2107"]
[BlackElo "2145"]
[PlyCount "86"]
[EventDate "2019.10.05"]
[EventType "team-tourn"]
[EventRounds "11"]
[EventCountry "SRB"]
[SourceTitle "EXT 2022"]
[Source "ChessBase"]
[SourceDate "2021.10.06"]
[SourceVersion "1"]
[SourceVersionDate "2021.10.06"]
[SourceQuality "1"]
[WhiteTeam "Teleoptik"]
[BlackTeam "Polet"]
[WhiteTeamCountry "SRB"]
[BlackTeamCountry "SRB"]

1. e4 e6 2. d4 d5 3. Nc3 Bb4 4. e5 Ne7 5. a3 Bxc3+ 6. bxc3 c5 7. Qg4 Nf5 8. Bd3 h5 9. Qf4 Nc6 10. Bxf5 exf5 11. Nf3 b6 12. 0-0 Ne7 13. Nh4 Be6 14. Qg3 Qc7 15. Qxg7 0-0-0 16. Bg5 Qd7 17. Bxe7 Qxe7 18. Qg3 Rdg8 19. Qf4 Rg4 20. Nxf5 Rxf4 21. Nxe7+ Kd7 22. Nxd5 Bxd5 23. Rfd1 Ke6 24. f3 h4 25. h3 Rc8 26. Rd2 cxd4 27. cxd4 Rc3 28. Rad1 b5 29. Rd3 Rxc2 30. R1d2 Rc1+ 31. Kf2 Rf5 32. Rd1 Rc4 33. Ke3 Rg5 34. R1d2 Kf5 35. Kf2 Kf4 36. Rb2 a6 37. Rdd2 Rg8 38. Rb4 Rc1 39. Re2 Rgc8 40. a4 R8c4 41. Rxc4 Rxc4 42. axb5 axb5 43. Rd2 Rc1 0-1

[Event "Belgrade-chTB Quality"]
[Site "Belgrade"]
[Date "2018.10.06"]
[Round "3.4"]
[White "Milijanovic, Goran"]
[Black "Stojkovic, Nenad Z"]
[Result "0-1"]
[WhiteElo "2047"]
[BlackElo "2113"]
[PlyCount "136"]
[EventDate "2018.09.29"]
[EventType "team-tourn"]
[EventRounds "11"]
[EventCountry "SRB"]
[SourceTitle "CBM 187 Extra"]
[Source "ChessBase"]
[SourceDate "2018.11.04"]
[SourceVersion "1"]
[SourceVersionDate "2018.11.04"]
[SourceQuality "1"]
[WhiteTeam "Belgrade Turbina"]
[BlackTeam "Belgrade Visan"]
[WhiteTeamCountry "SRB"]
[BlackTeamCountry "SRB"]

1. b3 e6 2. Bb2 f5 3. g3 Nf6 4. Bg2 d5 5. Nf3 c6 6. 0-0 Bd6 7. c4 Qe7 8. a4 a5 9. Ba3 0-0 10. Qc2 Bd7 11. Qb2 Na6 12. Bxd6 Qxd6 13. d3 Be8 14. Nbd2 Bh5 15. Rfe1 Nb4 16. Rac1 Bxf3 17. Nxf3 Nd7 18. cxd5 exd5 19. Qd2 Ne5 20. Nxe5 Qxe5 21. Qc3 Rae8 22. Qxe5 Rxe5 23. d4 Re7 24. Bf1 Rfe8 25. Red1 g5 26. Rc5 b6 27. Rc3 Kg7 28. Rd2 Kf6 29. Kg2 h5 30. e3 g4 31. Kg1 h4 32. Bg2 h3 33. Bf1 Rc7 34. f3 Kg5 35. Kf2 Rec8 36. Be2 c5 37. dxc5 Rxc5 38. Rxc5 Rxc5 39. fxg4 fxg4 40. Rd4 Rc2 41. Rxg4+ Kf5 42. Rd4 Ke5 43. g4 Rb2 44. Kf3 Rxb3 45. Rd2 Rc3 46. Bf1 Nc2 47. Bd3 Ne1+ 48. Ke2 Nxd3 49. Rxd3 Rc4 50. Rd4 Rxd4 51. exd4+ Kxd4 52. g5 Ke5 53. Ke3 Kf5 54. Kd4 Kxg5 55. Kxd5 Kf4 56. Kd4 Kf3 57. Kd3 Kg2 58. Ke2 Kxh2 59. Kf2 Kh1 60. Kf1 b5 61. axb5 a4 62. b6 a3 63. b7 a2 64. b8Q a1Q+ 65. Kf2 Qg1+ 66. Kf3 Qg2+ 67. Ke3 h2 68. Qc7 Kg1 0-1

[Event "Belgrade-chT"]
[Site "Belgrade"]
[Date "2017.05.13"]
[Round "4.2"]
[White "Stojkovic, Nenad Z"]
[Black "Milutinovic, Dejan D"]
[Result "1-0"]
[WhiteElo "2131"]
[BlackElo "2044"]
[PlyCount "73"]
[EventDate "2017.05.10"]
[EventType "team-swiss"]
[EventRounds "5"]
[EventCountry "SRB"]
[SourceTitle "CBM 178 Extra"]
[Source "ChessBase"]
[SourceDate "2017.06.22"]
[SourceVersion "1"]
[SourceVersionDate "2017.06.22"]
[SourceQuality "1"]
[WhiteTeam "Teleoptik"]
[BlackTeam "Lasta"]
[WhiteTeamCountry "SRB"]
[BlackTeamCountry "SRB"]

1. e4 d6 2. d4 Nf6 3. f3 Nbd7 4. Be3 e5 5. d5 c6 6. c4 a5 7. Nc3 c5 8. a4 Be7 9. Bd3 Nf8 10. Nge2 Ng6 11. Qd2 Nh5 12. 0-0-0 Nhf4 13. Rdg1 Nxd3+ 14. Qxd3 0-0 15. g4 Bg5 16. Qd2 h6 17. Nb5 b6 18. Ng3 Ba6 19. Nf5 Bxb5 20. axb5 a4 21. Bxg5 hxg5 22. h4 Nxh4 23. Nxh4 gxh4 24. g5 g6 25. Rxh4 Kg7 26. Rh6 Rg8 27. Kb1 Qe7 28. Ka2 Kf8 29. f4 Ke8 30. Qh2 exf4 31. Qxf4 Ra7 32. Rh7 Rf8 33. Re1 Qd8 34. e5 Re7 35. Re3 dxe5 36. Qf6 Qb8 37. Rh8 1-0

[Event "Belgrade Trophy 27th"]
[Site "Obrenovac"]
[Date "2013.11.25"]
[Round "2"]
[White "Posedaru, Bogdan Stefan"]
[Black "Stojkovic, Nenad Z"]
[Result "1-0"]
[WhiteElo "2324"]
[BlackElo "2104"]
[PlyCount "44"]
[EventDate "2013.11.24"]
[EventType "swiss"]
[EventRounds "9"]
[EventCountry "SRB"]
[SourceTitle "CBM 157 Extra"]
[Source "ChessBase"]
[SourceDate "2013.12.19"]
[SourceVersion "1"]
[SourceVersionDate "2013.12.19"]
[SourceQuality "1"]

1. d4 Nf6 2. c4 c5 3. d5 b5 4. cxb5 a6 5. bxa6 Bxa6 6. Nc3 d6 7. g3 g6 8. Bg2 Bg7 9. Nf3 Nbd7 10. Rb1 Qa5 11. 0-0 0-0 12. Bd2 Rfb8 13. b3 Qa3 14. Ne1 Ne8 15. Nc2 Qa5 16. Na4 Qd8 17. Bc3 Bxc3 18. Nxc3 Qa5 19. Qd2 Bxe2 20. Rfc1 Bg4 21. Ne3 Ndf6 22. Nxg4 Nxg4 1-0